The book of fishes; (Registro nro. 2325)

Detalles MARC
000 -CABECERA
Campo de control 00788cam a2200241u 4500
005 - FECHA Y HORA DE LA ULTIMA TRANSACCION
Campo de control 20150921102530.0
008 - ELEMENTOS DE LONGITUD FIJA—INFORMACION GENERAL
Campo de control 810605s1958 dcuac 000 0 eng
040 ## - FUENTE DE CATALOGACIÓN
Agencia catalogadora original DLC
Agencia transcriptora CarP
Agencia Modificadora DLC
041 ## - IDIOMA
Código de idioma para texto/pista de sonido o título separado Inglés
043 ## - GEOGRAPHIC AREA CODE
Geographic area code n-us---
110 2# - ASIENTO PRINCIPAL--NOMBRE CORPORATIVO
Nombre corporativo o de jurisdicción como elemento de entrada National Geographic Society (U.S.)
245 14 - MENCION DE TITULO
Título The book of fishes;
260 ## - PUBLICACION, DISTRIBUCION, ETC. (PIE DE IMPRENTA)
Lugar de publicación, distribución, etc. Washington
Fecha de publicación, distribución, etc. [1958]
Nombre del editor, distribuidor, etc. ,
300 ## - DESCRIPCION FISICA
Extensión xi, 339 p.
Otros detalles físicos illus. (part col.) ports. (part col.)
Dimensiones 27 cm.
504 ## - NOTA DE BIBLIOGRAFIA, ETC.
Nota de bibliografía Contiene Indice
650 #0 - ASIENTO SECUNDARIO DE MATERIA - TERMINO TEMATICO
Término temático o nombre geográfico como elemento de entrada Fishes
Subdivisión geográfica United States.
650 #0 - ASIENTO SECUNDARIO DE MATERIA - TERMINO TEMATICO
Término temático o nombre geográfico como elemento de entrada Fishing
Subdivisión geográfica United States.
650 #0 - ASIENTO SECUNDARIO DE MATERIA - TERMINO TEMATICO
Término temático o nombre geográfico como elemento de entrada Fisheries
Subdivisión geográfica United States.
650 #0 - ASIENTO SECUNDARIO DE MATERIA - TERMINO TEMATICO
Término temático o nombre geográfico como elemento de entrada Marine animals.
700 1# - ASIENTO SECUNDARIO - NOMBRE PERSONAL
Nombre personal La Gorce, John Oliver,
Fechas asociadas con el nombre 1880- [from old catalog]
Término de relación ed.
906 ## - LOCAL DATA ELEMENT F, LDF (RLIN)
a 0
b cbc
c premunv
d u
e ncip
f 19
g y-gencatlg
942 ## - ELEMENTOS ADICIONALES (KOHA)
Sistema de clasificación Dewey Decimal Classification
Tipo de ítem Libro
Existencias
Withdrawn status Lost status Sistema de Clasificación Damaged status No para préstamo Colección Fecha publicación (Año) Inventariado Ubicación Permanente Ubicación actual Fecha de adquisición Fuente de Valor Valor Total Checkouts Número topográfico Inventario / Código de Barras Date last seen Ejemplar Price effective from Forma de adquisición Tipo de material
    Dewey Decimal Classification     General 1958 Inventariado 2017 Bogotá Bogotá 08/06/2001 Instituto 39000.00   LB-333.956 L17b 002885 04/12/2012 Ej. 1 04/12/2012   Libro